| 000 | 00535nmm a2200169Ia 4500 | ||
|---|---|---|---|
| 008 | 251105s9999||||xx |||||||||||||||||und|| | ||
| 020 | _a9788416647750 | ||
| 041 | _aspa | ||
| 100 | _aSantos Rego, Miguel Á. | ||
| 245 | 0 | _aSociedad del conocimiento : Aprendizaje e Innovación en la Universidad | |
| 264 |
_a[Madrid, España] : _bBiblioteca Nueva, _c2016 |
||
| 300 | _a256 páginas | ||
| 490 | _aBiblioteca de la nueva educación | ||
| 650 | _aEducation | ||
| 856 | _uhttps://public.digitaliapublishing.com/a/40928 | ||
| 942 | _cCF | ||
| 999 |
_c77949 _d77949 |
||